000 00347 a2200169 4500
001 188149
020 _a85-209-0453-X
040 _cMagnum
100 _aRosa, Joao Guimaraes
240 1 0 _aTutaméia
_lpor
245 1 0 _aTutaméia
300 _a227
362 0 _a1985
440 1 _aNova Fronteira
697 _aLITERATURA GERAL
942 _cBK
999 _c188149
_d188149